Percepcia významu mäkkých zručností u študentov Ekonomickej univerzity v Bratislave – výsledky kvantitatívneho prieskumu

Príspevok skúma úlohu mäkkých zručností pri zvyšovaní zamestnateľnosti študentov ekonómie na Slovensku. Keďže trh práce čoraz viac oceňuje najmä medziľudské kompetencie popri technických znalostiach, univerzity a vysoké školy čelia rastúcemu tlaku na prispôsobenie svojich učebných osnov. Na základe...

Full description

Saved in:
Bibliographic Details
Main Author: Krajčík Danišová, Sonia, 1981-
Other Authors: Krajčovičová, Linda, 1987-
Format: Book Chapter
Language:Slovak
Subjects:
Tags: Add Tag
No Tags, Be the first to tag this record!

MARC

LEADER 00000naa$a2200000$$$4500
001 0314421
005 20260126091909.0
041 0 |a slo 
044 |a SK 
245 1 0 |a Percepcia významu mäkkých zručností u študentov Ekonomickej univerzity v Bratislave – výsledky kvantitatívneho prieskumu  |c Sonia Krajčík Danišová, Linda Krajčovičová 
520 |a Príspevok skúma úlohu mäkkých zručností pri zvyšovaní zamestnateľnosti študentov ekonómie na Slovensku. Keďže trh práce čoraz viac oceňuje najmä medziľudské kompetencie popri technických znalostiach, univerzity a vysoké školy čelia rastúcemu tlaku na prispôsobenie svojich učebných osnov. Na základe prieskumu uskutočneného medzi študentmi ekonómie na vybranej slovenskej univerzite výskum identifikuje kľúčové mäkké zručnosti, ktoré sú vnímané ako nevyhnutné pre budúce zamestnanie, vrátane komunikácie, tímovej práce, prispôsobivosti a kritického myslenia. Zistenia odhaľujú rozdiel medzi súčasným rozvojom mäkkých zručností študentov slovenskej univerzity a očakávaniami zamestnávateľov na slovenskom trhu. Výskum tiež záverom disponuje odporúčaniami na efektívnejšiu integráciu vzdelávania v oblasti mäkkých zručností do programov vysokoškolského vzdelávania v oblasti ekonómie, pričom sa zdôrazňuje potreba silnejšej spolupráce medzi akademickými inštitúciami a podnikateľským sektorom. 
610 2 0 |a vzdelávanie vysokoškolské 
610 2 0 |a zručnosti mäkké 
610 2 0 |a kompetencie komunikačné 
610 2 0 |a študenti 
610 2 0 |a vzdelanie ekonomické 
610 2 0 |a zamestnateľnosť 
610 2 0 |a univerzity 
610 2 0 |a školy vysoké 
610 2 0 |a kurikulum 
610 2 0 |a Slovensko 
100 1 |a Krajčík Danišová, Sonia, 1981- 
700 1 |a Krajčovičová, Linda, 1987-